"Начальная история Армении" у Себеоса в ея отношениях к трудам Моисея Хоренскаго и Факста Византийскаго / (Record no. 134798)
[ view plain ]
| 000 -LEADER | |
|---|---|
| fixed length control field | 01055nam a2200229 a 4500 |
| 001 - CONTROL NUMBER | |
| control field | 000352105 |
| 003 - CONTROL NUMBER IDENTIFIER | |
| control field | AM-YeHGA |
| 005 - DATE AND TIME OF LATEST TRANSACTION | |
| control field | 20250618072211.0 |
| 008 - FIXED-LENGTH DATA ELEMENTS--GENERAL INFORMATION | |
| fixed length control field | 040716s1901 ru |||||r|||||||||0|rus|d |
| 040 ## - CATALOGING SOURCE | |
| Original cataloging agency | AM-YeHGA |
| 041 0# - LANGUAGE CODE | |
| Language code of text/sound track or separate title | rus |
| 090 ## - LOCALLY ASSIGNED LC-TYPE CALL NUMBER (OCLC); LOCAL CALL NUMBER (RLIN) | |
| -- | 136166 |
| 100 1# - MAIN ENTRY--PERSONAL NAME | |
| Personal name | Ադոնց, Նիկողայոս Գևորգի |
| Dates associated with a name | 1871-1942 |
| 9 (RLIN) | 9379 |
| 245 11 - TITLE STATEMENT | |
| Title | "Начальная история Армении" у Себеоса в ея отношениях к трудам Моисея Хоренскаго и Факста Византийскаго / |
| Statement of responsibility, etc. | Н. Адонц. |
| 260 ## - PUBLICATION, DISTRIBUTION, ETC. | |
| Place of publication, distribution, etc. | Санкт-Петербург : |
| Name of publisher, distributor, etc. | Тип. Имп. Акад. наук, |
| Date of publication, distribution, etc. | 1901. |
| 300 ## - PHYSICAL DESCRIPTION | |
| Extent | 42 с. ; |
| Dimensions | 23 см. |
| 500 ## - GENERAL NOTE | |
| General note | Кн. без обл. и тит. л. - Описана по 1-й с. текста. |
| 500 ## - GENERAL NOTE | |
| General note | Оттиск из VIII т., № 1 и 2 "Византийскаго Временника" 1901 г. |
| 504 ## - BIBLIOGRAPHY, ETC. NOTE | |
| Bibliography, etc. note | Библиогр. в подстроч. примеч. |
| 650 14 - SUBJECT ADDED ENTRY--TOPICAL TERM | |
| Topical term or geographic name entry element | История армянского народа |
| 9 (RLIN) | 5523 |
| 942 ## - ADDED ENTRY ELEMENTS (KOHA) | |
| Source of classification or shelving scheme | Universal Decimal Classification |
| Koha item type | Գրքեր / Books |
| Withdrawn status | Lost status | Source of classification or shelving scheme | Damaged status | Not for loan | Collection | Home library | Current library | Date acquired | Total checkouts | Full call number | Barcode | Date last seen | Price effective from | Koha item type | Public note |
|---|---|---|---|---|---|---|---|---|---|---|---|---|---|---|---|
| Universal Decimal Classification | Agulian Individual Collection | Fundamental Scientific Library | Fundamental Scientific Library | 22/12/2016 | Agul/1299 | FL0083148 | 22/12/2016 | 22/12/2016 | Գրքեր / Books | ILL Non-Circ. |
ՀՀ Գիտությունների ազգային ակադեմիայի հիմնարար գիտական գրադարան = Fundamental Scientific Library of NAS RA
All site content, except where otherwise noted, is licensed under a